000 00742nam a22002057a 4500
005 20171107101111.0
010 _aENG-121209
020 _a9788179663622
_c450.00
035 _aEN-104741
037 _bDBAD/PUB
082 _a822
100 _aThangapandian, Thamizhachi
245 _aIsland to Island :
_cby Thamizhachi Thangapandian
_bthe voiuce of Sri Lankan Australian Plawright Ernest Thalayasingham Macintyre /
260 _aChennai
_bEmerald Publishers
_c201?
270 _a15A, First Floor, Case Major Road, Egmore
_bChennai
_e600008
300 _axxi, 399p. :
_c23cm (Hb)
_bill.
500 _aIncludes bibliographical references and index
700 _aThangapandian, Thamizhachi
942 _2ddc
_cEN
_h822
_mTHA
999 _c147149
_d147149